banner koha

Espécies arbóreas de Papilionoideae (Leguminosae) na região noroeste do estado de São Paulo, Brasil (Registro n. 330576)

MARC details
000 -LÍDER
fixed length control field 03492nab a2200301 i 4500
003 - CÓDIGO MARC DA AGÊNCIA CATALOGADORA
Campo de controle BR-BrBNA
005 - DATA E HORA DA ÚLTIMA ATUALIZAÇÃO
Campo de controle 20250321053422.0
008 - CAMPO DE TAMANHO FIXO
fixed length control field 250321b2016 bl.qr|pooa||| 00| 0 por |
040 ## - FONTE DA CATALOGAÇÃO
Agência catalogadora BR-BrBNA
Idioma da catalogação por
072 ## - CATEGORIA AGRIS
Código AGRIS F70
072 ## - CATEGORIA AGRIS
Código AGRIS K10
100 ## - ENTRADA PRINCIPAL - NOME PESSOAL
Nome pessoal Martins, Milena Ventrichi
100 ## - ENTRADA PRINCIPAL - NOME PESSOAL
Nome pessoal Cavassan, Osmar
100 ## - ENTRADA PRINCIPAL - NOME PESSOAL
Nome pessoal Tozzi, Ana Maria Goulart de Azevedo
100 ## - ENTRADA PRINCIPAL - NOME PESSOAL
Nome pessoal Koch, Ingrid
245 ## - TÍTULO PRINCIPAL
Título principal Espécies arbóreas de Papilionoideae (Leguminosae) na região noroeste do estado de São Paulo, Brasil
500 ## - NOTA GERAL
Nota geral Publicação on-line; 36 ref.; 1 table; 3 illus.; Summaries (En, Pt)
942 ## - ADDED ENTRY ELEMENTS (KOHA)
Koha item type Analítica
520 ## - NOTA DE RESUMO
Nota de conteúdo <br/><br/>Resumo<br/><br/>Neste estudo foram coletados os indivíduos arbóreos e arbustivos da subfamília Papilionoideae na região<br/>noroeste do estado de São Paulo, Sudeste do Brasil. A área possui a vegetação mais fragmentada do<br/>Estado e é ainda pouco conhecida quanto à composição da flora. Foram registradas 19 espécies arbóreas<br/>de Papilionoideae reunidas em 11 gêneros e três tribos. As tribos mais representativas foram Sophoreae,<br/>com Bowdichia, Leptolobium, Myroxylon, Ormosia e Sweetia, e Dalbergieae com Andira, Centrolobium,<br/>Machaerium e Platypodium, enquanto Dipterygeae foi representada por Dipteryx e Pterodon. O gênero com<br/>maior número de espécies foi Machaerium, com oito, seguido por Leptolobium, com duas. Os demais gêneros<br/>foram representados por uma espécie cada. Os dados de distribuição das espécies apontam para uma flora<br/>regional composta por espécies com ampla distribuição no domínio Cerrado, do Brasil central, e espécies<br/>que ocorrem prioritariamente no domínio de Mata Atlântica, no Brasil oriental. Chaves para identificação,<br/>descrições e ilustrações dos táxons encontrados são apresentadas.<br/><br/>Palavras-chave: Fabaceae, Faboideae, Cerrado, Floresta Estacional Semidecidual, florística.<br/><br/><br/><br/><br/><br/>Abstract<br/><br/>In this study, we collected woody plants of Papilionoideae, Leguminosae, in the northwest region of São Paulo<br/>state, southeastern Brazil. The study area has one of the most fragmented vegetation within the context of the<br/>region, and it is still poorly known about the flora. Nineteen species were recorded in eleven genera and three<br/>tribes. The most representative tribes were Sophoreae, with the genus Bowdichia, Leptolobium, Myroxylon, <br/>Sweetia and Ormosia; tribe Dalbergieae, with Andira, Centrolobium, Machaerium and Platypodium, and tribe<br/>Dipterygeae represented by Dipteryx and Pterodon. Machaerium presented the highest number of species,<br/>with eight, followed by Leptolobium, with two species. The other genera were represented by one species<br/>each. The species distribution data showed that the regional flora consists of species with wide distribution in<br/>the Cerrado, in central Brazil, and species that occur primarily in the Atlantic forest in eastern Brazil. Keys,<br/>descriptions and illustrations of the taxa found are displayed.<br/><br/>Keywords: Fabaceae, Faboideae, Cerrado, Semideciduous Forest, floristic
650 ## - ASSUNTO - THESAGRO
Cabeçalho tópico ou nome geográfico CERRADO
650 ## - ASSUNTO - THESAGRO
Cabeçalho tópico ou nome geográfico PAPILIONOIDEAE
650 ## - ASSUNTO - THESAGRO
Cabeçalho tópico ou nome geográfico FLORESTA
650 ## - ASSUNTO - THESAGRO
Cabeçalho tópico ou nome geográfico COMPOSIÇÃO BOTÂNICA
650 ## - ASSUNTO - THESAGRO
Cabeçalho tópico ou nome geográfico TAXONOMIA
773 0# - ENTRADA ANALÍTICA
Host Biblionumber 709
Registro do item 349283
Imprenta Rio de Janeiro-RJ Jardim Botanico do Rio de Janeiro 1935
Outro identificador 2025-1802
Título Rodriguésia (Brazil)
ISSN 0370-6583; 2175-7860 on-line
Colação v. 67(1) p. 085-104; (2016)
Número de controle de registro BR2025000276
856 ## - ACESSO E ENDEREÇO ELETRÔNICO
Identificador uniforme de recurso - URI https://www.scielo.br/j/rod/a/5DHfBHZXznBcsRkggkZfPGf/?format=pdf&lang=pt

Nenhum exemplar disponível.

BINAGRI

Telefone: (61)3218-2567/2388/3357/2097 - binagri@agro.gov.br

Ministério da Agricultura e Pecuária , Esplanada dos Ministérios, Bloco D, Anexo B, Brasília/DF, CEP: 70.043-900